Welcome to CU Library Online Public Access Catalogue (OPAC)

Business, government, and society : (Record no. 4077)

MARC details
000 -LEADER
fixed length control field 00931cam a22002534a 4500
001 - CONTROL NUMBER
control field 1213716
005 - DATE AND TIME OF LATEST TRANSACTION
control field 20250221200305.0
008 - FIXED-LENGTH DATA ELEMENTS--GENERAL INFORMATION
fixed length control field 990519s2000 maua b 001 0 eng
020 ## - INTERNATIONAL STANDARD BOOK NUMBER
International Standard Book Number 0073659142 (alk. paper)
020 ## - INTERNATIONAL STANDARD BOOK NUMBER
International Standard Book Number 9780073659145
050 00 - LIBRARY OF CONGRESS CALL NUMBER
Classification number HD60.5.U5
Item number S8 2000
082 00 - DEWEY DECIMAL CLASSIFICATION NUMBER
Classification number 658.4
Edition information 21
100 1# - MAIN ENTRY--PERSONAL NAME
Personal name Steiner, George Albert,
Dates associated with a name 1912-
245 10 - TITLE STATEMENT
Title Business, government, and society :
Remainder of title a managerial perspective : text and cases /
Statement of responsibility, etc. George A. Steiner, John F. Steiner.
250 ## - EDITION STATEMENT
Edition statement 9th ed.
260 ## - PUBLICATION, DISTRIBUTION, ETC.
Place of publication, distribution, etc. Boston, Mass. :
Name of publisher, distributor, etc. Irwin/McGraw-Hill,
Date of publication, distribution, etc. 2000.
300 ## - PHYSICAL DESCRIPTION
Extent xx, 731, 10 p. :
Other physical details ill. ;
Dimensions 24 cm.
500 ## - GENERAL NOTE
General note Rev. ed of: Business and society / George A. Steiner. 2nd ed. 1975.
650 #0 - SUBJECT ADDED ENTRY--TOPICAL TERM
Topical term or geographic name entry element Industries
General subdivision Social aspects
Geographic subdivision United States.
650 #0 - SUBJECT ADDED ENTRY--TOPICAL TERM
Topical term or geographic name entry element Industrial policy
Geographic subdivision United States.
700 1# - ADDED ENTRY--PERSONAL NAME
Personal name Steiner, John F.
700 12 - ADDED ENTRY--PERSONAL NAME
Personal name Steiner, George Albert,
Dates associated with a name 1912-
Title of a work Business and society.
942 ## - ADDED ENTRY ELEMENTS (KOHA)
Source of classification or shelving scheme Library of Congress Classification
Koha item type Books
Edition 9th Ed.
Suppress in OPAC No
999 ## -
-- 4077
-- 4077
Holdings
Withdrawn status Lost status Source of classification or shelving scheme Damaged status Not for loan Collection Home library Current library Shelving location Date acquired Total checkouts Full call number Barcode Date last seen Copy number Price effective from Koha item type
    Library of Congress Classification     Non-fiction Business Library (Miotso) Business Library (Miotso) General stacks 02/21/2025   HD60.5.U5 S8 2000 BSSM00000936 02/21/2025 1 02/21/2025 Books
    Library of Congress Classification     Non-fiction Business Library (Miotso) Business Library (Miotso) General stacks 02/21/2025   HD60.5.U5 S8 2000 BSSM00000937 02/21/2025 2 02/21/2025 Books
    Library of Congress Classification     Non-fiction Business Library (Miotso) Business Library (Miotso) General stacks 02/21/2025   HD60.5.U5 S8 2000 BSSM00000938 02/21/2025 3 02/21/2025 Books
    Library of Congress Classification     Non-fiction Business Library (Miotso) Business Library (Miotso) General stacks 02/21/2025   HD60.5.U5 S8 2000 BSSM00000939 02/21/2025 4 02/21/2025 Books
    Library of Congress Classification     Non-fiction Business Library (Miotso) Business Library (Miotso) General stacks 02/21/2025   HD60.5.U5 S8 2000 BSSM00000940 02/21/2025 5 02/21/2025 Books
    Library of Congress Classification     Non-fiction Business Library (Miotso) Business Library (Miotso) General stacks 02/21/2025   HD60.5.U5 S8 2000 BSSM00000941 02/21/2025 6 02/21/2025 Books
    Library of Congress Classification     Non-fiction Graduate Library (Christ Temple) Graduate Library (Christ Temple) General stacks 06/02/2025   HD 60.5US STE GSCT00001458 06/02/2025 1 06/02/2025 Books
    Library of Congress Classification     Non-fiction Graduate Library (Christ Temple) Graduate Library (Christ Temple) General stacks 06/02/2025   HD 60.5US STE GSCT00001459 06/02/2025 2 06/02/2025 Books
    Library of Congress Classification     Non-fiction Graduate Library (Christ Temple) Graduate Library (Christ Temple) General stacks 06/02/2025   HD 60.5US STE GSCT00001460 06/02/2025 3 06/02/2025 Books
    Library of Congress Classification     Non-fiction Graduate Library (Christ Temple) Graduate Library (Christ Temple) General stacks 06/02/2025   HD 60.5US STE GSCT00001461 06/02/2025 4 06/02/2025 Books
    Library of Congress Classification     Non-fiction Graduate Library (Christ Temple) Graduate Library (Christ Temple) General stacks 06/02/2025   HD 60.5US STE GSCT00001462 06/02/2025 5 06/02/2025 Books
© 2023-2024 Copyright: Central University Libraries. All Rights Reserved | Created by: Mahone Tech Office